| 000 | 00500cam a2200145 4500500 | ||
|---|---|---|---|
| 005 | 20260405002306.0 | ||
| 041 | _afre | ||
| 042 | _adc | ||
| 100 | 1 | 0 |
_aLabey, Gildas _eauthor |
| 245 | 0 | 0 | _aFrançois Chirpaz , Dire le tragique et autres essais , L’Harmattan, 2010, 167 pages, 16 € |
| 260 | _c2010. | ||
| 500 | _a2 | ||
| 786 | 0 | _nÉtudes | Tom 413 | 11 | 2010-10-29 | p. XIX-XIX | 0014-1941 | |
| 856 | 4 | 1 | _uhttps://shs.cairn.info/revue-etudes-2010-11-page-XIX?lang=fr&redirect-ssocas=7080 |
| 999 |
_c2056308 _d2056308 |
||